A moça tecelã (Record no. 74907)

MARC details
000 -LÍDER
campo de controle de tamanho fixo 00348 a2200157 4500
001 - NÚMERO DE CONTROLE
campo de controle 74907
020 ## - ISBN - INTERNATIONAL STANDARD BOOK NUMBER
ISBN - International Standard Book Number 9788526008915
040 ## - FONTE DA CATALOGAÇÃO
Instituição que transcreveu o registro Anchieta - Colégio São Paulo
100 ## - ENTRADA PRINCIPAL--NOME PESSOAL
Nome pessoal Colasanti, Marina
240 10 - TÍTULO UNIFORME
Título uniforme A moça tecelã
Idioma da obra por
245 10 - TÍTULO
Título A moça tecelã
300 ## - DESCRIÇÃO FÍSICA
Extensão 14
362 0# - DATAS DE PUBLICAÇÃO E/OU DESIGNAÇÃO SEQUENCIAL
Datas de publicação e/ou designação sequencial 2004
650 #4 - ASSUNTO--TERMO TÓPICO
Cabeçalho tópico ou nome geográfico Literatura infantil
942 ## - ELEMENTOS DE ENTRADA ADICIONADOS (KOHA)
Tipo de material Koha Livros
Holdings
Situação do descarte Situação das perdas Situação física Não pode ser emprestado Biblioteca de origem Biblioteca atual Data de aquisição Total de empréstimos Número de chamada completo Código de barras Data de último acesso Data do preço efetivo Tipo de material Koha Fonte da classificação ou esquema de arquivamento na estante Nota pública
        Colégio São Paulo Colégio São Paulo 22/11/2023   LI 028.5 C683m 6036/CSP 22/11/2023 22/11/2023 Livros    
        Leonardo Da Vinci - Alphaville 2 Leonardo Da Vinci - Alphaville 2 27/03/2024   028.5 C65mo 2A277 27/03/2024 27/03/2024 Livros    
        Novo Tempo - Aureliano São José Novo Tempo - Aureliano São José 27/06/2024     if55 27/06/2024 27/06/2024 Livros Classificação Decimal de Dewey A